000 00998nam a2200301Ia 4500
003 OSt
005 20221007121845.0
006 a|||||r|||| 00| 0
007 ta
008 221006b |||||||| |||| 00| 0 eng d
020 _a1402015445 (hbd)
024 _a1679
037 _cTextual
040 _aBDL
_cBDL
_beng
041 _2eng
_aeng
082 _aJ:6, P3 Carb
100 _aMaluszynski M. Ed.
_9442616
245 0 _aDoubled haploid production in crop plants: A manual
_b Kasha K.J. Ed. Forster B.P. Ed. Szarejko I. Ed.
260 _aDordrecht
_bKluwer Academic Publishers
_c2003
300 _axlvi, 428p.
_ccm.
500 _aIncludes bibliographical references
650 _aBreeding
_9712685
700 _a Forster B.P. Ed.
_9713050
700 _a Kasha K.J. Ed.
_9442617
700 _a Szarejko I. Ed.
_9713051
942 _hJ:6, P3 Carb
_cTEXL
_2CC
999 _c1209446
_d1209446